000 01002nam a2200205 i 4500
001 162664
003 ES-MaACL
005 20230906212557.0
008 050715s1881 sp |||| | spa d
040 _aCAM
_bspa
_cCAM
100 1 _aPrunaire.
_9131392
245 1 3 _aEl arte de colorear los vinos con el color natural de la uva
_b: para uso de los consumidores, negociantes y cosecheros /
_cpor el Dr. Prunaire, de Lyon ; traducido por José M. Pérez de Villaoz.
260 _aMadrid ;
_aBarcelona :
_bLibrería de Victoriano Suárez :
_bLibrería de Juan Llordachs,
_c1881 (
_fTipografía La Academia, de Evaristo Ullastres)
300 _a134 p. ;
_c22 cm.
530 _aDisponible en formato digital.
650 4 _aVinificación.
_9156738
700 1 _aPérez de Villaoz, José M.
_9131490
852 _aES-MaACL
_jT-679-F-9
_z-- Enc. hol., conservando cub. original
_z-- Enc. en un vol. facticio
856 _uhttp://bdh-rd.bne.es/viewer.vm?id=0000119199&page=1
_zBiblioteca Digital Hispánica
999 _c162664
_d162664